000 00291nam a2200121Ia 4500
008 231129s1972||||xx |||||||||||||| ||spa||
082 _aHAJ- 0352
100 _aBreton Guy
245 0 _aEl siglo del libertinaje
260 _c1972
264 _aBarcelona: Bruguera 1972
942 _2ddc
_cBKS
999 _c12433
_d12433